000 00288nam a22001337a 4500
008 180216b xxu||||| |||| 00| 0 eng d
020 _a9780136028604
041 _aeng
080 _a37
100 _a48
101 _aedu
245 _ahandbook fro writers
_chesse.t
942 _2udc
_cBK
999 _c42771
_d42771